000 00287nam a22001337a 4500
008 180109b xxu||||| |||| 00| 0 eng d
020 _a9780771067051
041 _aeng
080 _a941
100 _a16
101 _aHIS
245 _aKennedy Diefenbaker
_cKnowlton
942 _2udc
_cBK
999 _c39942
_d39942